000 00593nam a2200193 i 4500
001 58425
003 ES-MaACL
005 20250802101819.0
007 t|
008 031022s1965 sp ||||1| cat d
100 0 _aDuras, Marguerite,
_d1914-1996
_946279
245 1 3 _aUn dic contra el Pacific /
_cMarguerite Duras ; [traducció de M. Aurélia Capmany].
250 _a[1ª ed.].
260 _a[Barcelona] :
_bEdicions 62,
_c1965.
300 _a240 p. ;
_c20 cm.
700 1 _aCapmany, Maria Aurèlia,
_d1918-1991
_934865
852 _aES-MaACL
_jF-7271
_bR.56498
999 _c58425
_d58425